Contabilidad superior
में बचाया:
| मुख्य लेखक: | |
|---|---|
| स्वरूप: | पुस्तक |
| भाषा: | स्पेनिश |
| प्रकाशित: |
Buenos Aires
Selección Contable
1946
|
| संस्करण: | 4a. ed |
| विषय: | |
| टैग: |
टैग जोड़ें
कोई टैग नहीं, इस रिकॉर्ड को टैग करने वाले पहले व्यक्ति बनें!
|
MARC
| LEADER | 00000nam a2200000 a 4500 | ||
|---|---|---|---|
| 001 | UCR9851 | ||
| 003 | CL-VaPUC | ||
| 008 | 980619e19460000AG |||||||||||||||||spa|d | ||
| 082 | 0 | 4 | |a 657.046 |b LAT |2 21 |
| 100 | 0 | |a Latour Padierne, J |e author |9 412806 | |
| 245 | 1 | 0 | |a Contabilidad superior |
| 250 | |a 4a. ed | ||
| 300 | |a 339 p | ||
| 942 | |c BK | ||
| 945 | |d 19980619 00:00:00 |a cmena | ||
| 260 | |a Buenos Aires |b Selección Contable |c 1946 | ||
| 650 | 0 | |a Contabilidad |9 261430 | |
| 650 | 0 | |a Administración financiera |9 261146 | |
| 650 | 0 | |a Auditoría |9 307008 | |
| 650 | 0 | |a Estados de cuentas |9 352305 | |
| 650 | 0 | |a Contabilidad de costos |9 260564 | |
| 650 | 7 | |a GANANCIAS |2 CL-VaPUC |9 307105 | |
| 650 | 0 | |a Depreciación |9 358644 | |
| 650 | 7 | |a SEGUROS |2 CL-VaPUC |9 412807 | |
| 650 | 0 | |a Interés |9 336484 | |
| 650 | 0 | |a Impuestos |9 255450 | |
| 650 | 0 | |a Amortización |9 365723 | |
| 650 | 0 | |a Derecho comercial |9 256340 | |
| 650 | 0 | |a Derecho tributario |9 258895 | |
| 650 | 0 | |a Acciones |9 334173 | |
| 583 | |a last modification |c 19980619 00:00:00 |k Rodrigo Vera | ||
| 999 | |c 271027 |d 271025 | ||
| 952 | |0 0 |1 0 |4 0 |6 657_046000000000000_LAT_1946 |7 0 |8 P |9 305512 |a BIBGIM |b BIBGIM |d 2019-11-20 |i 1422278 |o 657.046 LAT 1946 |p 1422278 |r 2025-01-15 |w 2019-11-20 |y BK |k COM | ||